000
00336pam a2200157a 44500
008
230515b1980 xxu||||| |||| 00| 0 eng d
020
_a
NULL
041
_a
ENGL
082
_a
1.642
100
_a
DAVIS D.B.
245
_a
INTRODUCTION TO COMPUTERS
250
_a
3
260
_a
NULL
_b
Mc. G
_c
1980
300
_a
781
650
_a
NULL
999
_c
615787
_d
615787